Desnacer / (Record no. 193032)
[ view plain ]
| 000 -LEADER | |
|---|---|
| campo de control de longitud fija | 01312nam a2200373 i 4500 |
| 001 - NÚMERO DE CONTROL | |
| campo de control | 193032 |
| 003 - IDENTIFICADOR DE NÚMERO DE CONTROL | |
| campo de control | SpMaBN |
| 005 - FECHA Y HORA DE LA ÚLTIMA TRANSACCIÓN | |
| campo de control | 20250523062607.0 |
| 007 - CAMPO FIJO DE DESCRIPCIÓN FÍSICA--INFORMACIÓN GENERAL | |
| campo de control de longitud fija | ta |
| 008 - DATOS DE LONGITUD FIJA--INFORMACIÓN GENERAL | |
| campo de control de longitud fija | 230723s2019 sp | |||| 000 f spa |
| 017 ## - NÚMERO DE COPYRIGHT O DE DEPÓSITO LEGAL | |
| Número de copyright o de depósito legal | ZA 12-2019 |
| Agencia que asigna | Oficina Depósito Legal Zamora |
| 020 ## - NÚMERO INTERNACIONAL ESTÁNDAR DEL LIBRO | |
| Número Internacional Estándar del Libro | 9788485708925 |
| 035 ## - NÚMERO DE CONTROL DEL SISTEMA | |
| Número de control de sistema | a6653095 |
| 040 ## - FUENTE DE CATALOGACIÓN | |
| Centro catalogador/agencia de origen | SpMaBN |
| Lengua de catalogación | spa |
| Centro/agencia transcriptor | SpMaBN |
| Normas de descripción | rda |
| Centro/agencia modificador | ES-MaACL |
| 080 ## - NÚMERO DE LA CLASIFICACIÓN DECIMAL UNIVERSAL | |
| Número de la Clasificación Decimal Universal | 821.134.2-31"19" |
| 100 1# - ENTRADA PRINCIPAL--NOMBRE DE PERSONA | |
| Nombre de persona | García Calvo, Agustín, |
| Fechas asociadas al nombre | 1926-2012 |
| 9 (RLIN) | 233841 |
| 245 10 - MENCIÓN DEL TÍTULO | |
| Título | Desnacer / |
| Mención de responsabilidad, etc. | Agustín García Calvo |
| 250 ## - MENCION DE EDICION | |
| Mención de edición | Primera edición, febrero de 2019 |
| 264 #1 - PRODUCCIÓN, PUBLICACIÓN, DISTRIBUCIÓN, FABRICACIÓN Y COPYRIGHT | |
| Producción, publicación, distribución, fabricación y copyright | Zamora : |
| Nombre del de productor, editor, distribuidor, fabricante | Lucina, |
| Fecha de producción, publicación, distribución, fabricación o copyright | [2019] |
| 300 ## - DESCRIPCIÓN FÍSICA | |
| Extensión | 173 páginas ; |
| Dimensiones | 25 cm |
| 336 ## - TIPO DE CONTENIDO | |
| Término de tipo de contenido | Texto |
| Fuente | rdacontent |
| 337 ## - TIPO DE MEDIO | |
| Nombre/término del tipo de medio | sin mediación |
| Fuente | rdamedia |
| 338 ## - TIPO DE SOPORTE | |
| Nombre/término del tipo de soporte | volumen |
| Fuente | rdacarrier |
| 500 ## - NOTA GENERAL | |
| Nota general | "Narrativa"--Página 4 de la cubierta |
| 500 ## - NOTA GENERAL | |
| Nota general | Catalogación provisional. Signatura: N 8522. Depósito J. |
| 650 #7 - PUNTO DE ACCESO ADICIONAL DE MATERIA--TÉRMINO DE MATERIA | |
| Término de materia o nombre geográfico como elemento de entrada | Novelas |
| Fuente del encabezamiento o término | embne |
| 9 (RLIN) | 233904 |
| 852 ## - LOCALIZACIÓN | |
| Ubicación | ES-MaACL |
| Ubicación en estantería | Depósito J |
| Número de control de estantería | N 8522 |
| Donativo/Legado | Donación: Isabella García |
| Nota libre | En proceso |
| itemnumber | 200337 |
| 903 ## - NOMBRE PERSONAL DE DONANTE | |
| 9 | 233846 |
| a | García, Isabella |
| e | Donante |
| 942 ## - ELEMENTOS DE ENTRADA SECUNDARIOS (KOHA) | |
| Suprimir en OPAC | No |
| Tipo de ítem Koha | Libro impreso |
| Estatus retirado | Estado de pérdida | Fuente del sistema de clasificación o colocación | Estado de daño | No para préstamo | Biblioteca de origen | Biblioteca actual | Ubicación en estantería | Fecha de adquisición | Total de préstamos | Signatura topográfica completa | Código de barras | Visto por última vez | Precio de reemplazo | Tipo de ítem Koha |
|---|---|---|---|---|---|---|---|---|---|---|---|---|---|---|
| Clasificación decimal universal | Biblioteca del Ateneo de Madrid | Biblioteca del Ateneo de Madrid | Depósito J | 01/07/2023 | N-8522 | 101205630 | 23/07/2023 | 23/07/2023 | Libro impreso |
